LEADER 01012nam a2200277 u 4500 001 000000050617 003 CaOOAMICUS 005 20070226115238.0 008 000822s1971 it u000 u ita u 035 $a10853877 040 $aPUL(R)$bita 100 1 $aBeni, Arialdo.$0(OLS)http://pul/name/12629 245 12$aL'eucarestia /$cArialdo Beni. 260 $aTorino :$bMarietti,$cc1971. 300 $a204 p. ;$c20 cm 490 1 $aTeologia attualizzata ;$v9 504 $aBibliografia: p. 191-199. 650 4$aEucaristia.$0(OLS)http://pul/subject/1539 830 0$aTeologia attualizzata ;$v9.$0(OLS)http://pul/title/19363 850 $aPUL 852 $aPUL$W1$xDP1 Fondo Maccarrone$y58$m1522 D 39$j67111$nBK-PRI$b $qFondi$B67111$CPULBib$Z2$F67111 $H $81 941 1 $a1 960 $aEucarestia$91539 960 $aComunione (sacramento)$91539 996 $6245$aL'eucarestia$9(OLS)http://pul/title/68116 996 $6260$aTorino :$bMarietti$9(OLS)http://pul/publisher/48186 LEADER 01703namaa2200397 i 4500 001 000000177835 003 CaOOAMICUS 005 20250610101250.0 007 tu 008 250610s1999 vc 000 u ita r 020 $a88-209-2402-1* 040 $aPUL$bita$erda 082 0 $a227.87 100 1 $aAttridge, Harold W.,$d1946-,$eautore.$0(OLS)http://pul/name/12510 240 10$aEpistle to the Hebrews.$lItaliano.$0(OLS)http://pul/title/219388 245 13$aLa Lettera agli ebrei :$bcommento storico esegetico /$cHarold W. Attridge . 264 4$c©1999. 264 1$aCittą del Vaticano :$bLibreria editrice vaticana,$c[1999] 300 $a723 pagine ;$c24 cm 336 $atesto$btxt$2rdacontent 337 $asenza mediazione$bn$2rdamedia 338 $avolume$bnc$2rdacarrier 490 1 $aLetture bibliche ;$v12 500 $aTraduzione di Fausto Ruggeri. 504 $aBibliografia : pagine 675-692. 630 04$aBiblia.$pN.T.$pAd Hebraeos$xCommenti.$0(OLS)http://pul/subject/14459 830 0$aLetture bibliche (Libreria editrice vaticana) ;$v12.$0(OLS)http://pul/title/32803 850 $aPUL 852 $aPUL$W1$xSL Religione 3$y85$m227. 87 ATTHA 1$j201751$qDDC 21$B206809$CPULBib$Z2$F206809 $H137928 $82 941 1 $a9 996 $6020$a88-209-2402-1*$9(OLS)http://pul/number/170415 996 $6082$a227.87$9(OLS)http://pul/classification/3411 996 $6245$aLa Lettera agli ebrei :$bcommento storico esegetico$9(OLS)http://pul/title/219387 996 $6264$aCittą del Vaticano :$bLibreria editrice vaticana$9(OLS)http://pul/publisher/47920 996 $6264$a[S.l.] :$b[s.n.]$9(OLS)http://pul/publisher/0